000 00440nam a2200181Ia 4500
001 1622
005 20260306143742.0
008 260306t2014||||xx |||||||||||||| ||spa||
041 _aESP
082 _a153.4
_bT69
100 _aTomasello, Michael
_eAUT
245 0 _aUnicamente umano:
_bstoria naturale del pensiero
260 _c2014
300 _a230 páginas :
_c21 cm.
650 _aGEN
654 _aCHU
942 _cLIB
_dJUS
_fJUS
_2ddc
_n
999 _c1622
_d1622